|
|
|
|
| LEADER |
00000nam a2200000 a 4500 |
| 001 |
vtls001084158 |
| 003 |
SK-MaSNL |
| 005 |
20260302030834.0 |
| 008 |
240313s1986 xo a e 00000 slo |
| 015 |
|
|
|a SNBA1987/05
|
| 035 |
|
|
|a SNK000026996
|
| 040 |
|
|
|a SNK
|b slo
|c SNK
|e AACR2
|
| 041 |
0 |
|
|a slo
|
| 044 |
|
|
|a xo
|c SK
|
| 080 |
|
|
|a 631.52(075.8)
|2 1981
|
| 100 |
1 |
|
|a Boháč, Jozef,
|d 1921-2010
|4 aut
|9 57529
|
| 245 |
1 |
|
|a Špeciálne šľachtenie poľnohospodárskych plodín
|c Jozef Boháč
|
| 250 |
|
|
|a 1. vyd.
|
| 260 |
|
|
|a Nitra
|b Vysoká škola poľnohospodárska
|c 1986
|
| 300 |
|
|
|a 274 s.
|b tab.
|c 29 cm
|
| 366 |
|
|
|e 200 výt.
|
| 650 |
0 |
7 |
|a poľnohospodárske rastliny
|2 SNKPH
|9 298370
|
| 650 |
0 |
7 |
|a šľachtenie
|2 SNKPH
|9 298371
|
| 655 |
|
7 |
|a učebnice vysokých škôl
|2 SNKPH
|9 70191
|
| 958 |
|
|
|a OND
|
| 958 |
|
|
|a RM
|
| 958 |
|
|
|a UV
|
| 999 |
|
|
|c 1049421
|d 1051351
|
| 952 |
|
|
|a SNK
|b SNK
|y PREZ
|7 0
|p 17A0835773
|o snkSB 41395
|i snkKSP 1828/87
|0 0
|1 0
|4 0
|d 2014-04-02
|f 1
|l 0
|r 2025-04-29 00:00:00
|w 2026-02-24
|
| 952 |
|
|
|a SNK
|b SNK
|y VYP
|7 0
|o snkSB 41395 D1
|i snkKSP 1829/87
|0 0
|1 0
|4 0
|d 2014-04-02
|l 0
|r 2026-02-24 14:52:58
|w 2026-02-24
|